000 00317nam a22001337a 4500
008 170615b xxu||||| |||| 00| 0 eng d
020 _a0030615631
041 _aeng
080 _a32
100 _a19
101 _aSHP
245 _aSOCIALISM, LIBERALISM AND DICTIONARY IN PARAGUAY
_cLEWIS.P.H
942 _2udc
_cBK
999 _c17499
_d17499